[Event "Magnus Carlsen Inv Prelim"]
[Site "chess24.com INT"]
[Date "2021.03.15"]
[Round "14.3"]
[White "Pichot, Alan"]
[Black "Mamedyarov, Shakhriyar"]
[Result "1/2-1/2"]
[WhiteTitle "GM"]
[BlackTitle "GM"]
[WhiteElo "2630"]
[BlackElo "2770"]
[WhiteFideId "110973"]
[BlackFideId "13401319"]
[EventDate "2021.03.13"]

1. e4 e5 2. Nf3 Nc6 3. Bc4 Bc5 4. c3 Nf6 5. d4 exd4 6. e5 d5 7. Bb5 Ne4 8. cxd4
Bb6 9. Nc3 O-O 10. Be3 Bg4 11. h3 Bh5 12. Qc2 Bxf3 13. gxf3 Ng5 14. Bxc6 Nxf3+
15. Ke2 Nxd4+ 16. Bxd4 Bxd4 17. Bxd5 Bxc3 18. Rhd1 Bxe5 19. Bxf7+ Rxf7 20. Rxd8+
Rxd8 21. Rd1 Bd4 22. Qc4 c5 23. Rd3 Kf8 24. f3 b6 25. b4 g6 26. bxc5 bxc5 27.
Rb3 Re8+ 28. Kf1 Rfe7 29. Rb1 Kg7 30. Qd5 Re2 31. h4 Rf2+ 32. Kg1 Rb2+ 33. Qxd4+
cxd4 34. Rxb2 Kf6 35. Kf2 Re3 36. Rb4 Ke5 37. Ra4 Rc3 38. Rxa7 Rc2+ 39. Kg3 Kd6
40. Rxh7 d3 41. Rh8 Kc5 42. Rd8 Kc4 43. a4 Kc3 44. Kf4 Ra2 45. Rd7 Ra1 46. Kg5
Rxa4 47. f4 d2 48. Rxd2 Kxd2 49. Kxg6 Ra6+ 50. Kg7 Ra7+ 51. Kg6 Ra6+ 52. Kg7
Ra7+ 53. Kg6 Ra6+ 1/2-1/2

[Event "Magnus Carlsen Inv Prelim"]
[Site "chess24.com INT"]
[Date "2021.03.15"]
[Round "14.4"]
[White "So, Wesley"]
[Black "Grandelius, Nils"]
[Result "1-0"]
[WhiteTitle "GM"]
[BlackTitle "GM"]
[WhiteElo "2770"]
[BlackElo "2670"]
[WhiteFideId "5202213"]
[BlackFideId "1710400"]
[EventDate "2021.03.13"]

1. d4 Nf6 2. c4 g6 3. Nc3 d5 4. cxd5 Nxd5 5. e4 Nxc3 6. bxc3 Bg7 7. Nf3 c5 8.
Rb1 O-O 9. Be2 b6 10. O-O Qc7 11. Re1 Nc6 12. d5 Ne5 13. c4 f5 14. exf5 Bxf5 15.
Rb3 Rad8 16. Bb2 e6 17. Nxe5 Bxe5 18. Bxe5 Qxe5 19. Bf3 Qf6 20. g4 b5 21. gxf5
bxc4 22. Rbe3 Qxf5 23. d6 Qf4 24. d7 Rf7 25. Bc6 Qxf2+ 26. Kh1 c3 27. Rxe6 c2
28. Re8+ Kg7 29. Qa1+ 1-0

[Event "Magnus Carlsen Inv Prelim"]
[Site "chess24.com INT"]
[Date "2021.03.15"]
[Round "14.5"]
[White "Aronian, Levon"]
[Black "Anton Guijarro, David"]
[Result "1-0"]
[WhiteTitle "GM"]
[BlackTitle "GM"]
[WhiteElo "2781"]
[BlackElo "2673"]
[WhiteFideId "13300474"]
[BlackFideId "2285525"]
[EventDate "2021.03.13"]

1. d4 Nf6 2. Nf3 e6 3. Bf4 b6 4. e3 Bb7 5. h3 Bd6 6. Bxd6 cxd6 7. c4 d5 8. Nc3
dxc4 9. Bxc4 O-O 10. Rc1 a6 11. O-O b5 12. Be2 Nc6 13. Nd2 Rc8 14. a4 b4 15.
Nce4 Nxe4 16. Nxe4 d6 17. d5 Ne7 18. Rxc8 Nxc8 19. Ng3 e5 20. e4 Nb6 21. a5 Nd7
22. Qa4 Nc5 23. Qxb4 g6 24. Rc1 Ba8 25. Qc4 Qg5 26. Rc3 Qd2 27. b4 Nd7 28. Nf1
Qb2 29. Rc2 Qb1 30. Bd3 Nf6 31. Rc1 Qb2 32. Qc3 Qa2 33. Nd2 Qa4 34. Bxa6 Kg7 35.
Bd3 Bb7 36. Qb3 Qd7 37. a6 Ba8 38. b5 Rb8 39. b6 Nh5 40. Rb1 Nf4 41. Bf1 Qe7 42.
b7 Bxb7 43. axb7 Qg5 44. Qe3 1-0

[Event "Magnus Carlsen Inv Prelim"]
[Site "chess24.com INT"]
[Date "2021.03.15"]
[Round "14.6"]
[White "Dubov, Daniil"]
[Black "Carlsen, Magnus"]
[Result "1/2-1/2"]
[WhiteTitle "GM"]
[BlackTitle "GM"]
[WhiteElo "2710"]
[BlackElo "2847"]
[WhiteFideId "24126055"]
[BlackFideId "1503014"]
[EventDate "2021.03.13"]

1. d4 d5 2. c4 c6 3. Nf3 Nf6 4. Nc3 e6 5. g3 Nbd7 6. Bg2 dxc4 7. O-O Bd6 8. Bg5
h6 9. Bxf6 Qxf6 10. Nd2 Nb6 11. a4 a5 12. Nce4 Qe7 13. b3 cxb3 14. Nxd6+ Qxd6
15. Qxb3 Qxd4 16. Rfd1 O-O 17. Rab1 Nd5 18. Nc4 Qc3 19. e4 Qxb3 20. Rxb3 Nb4 21.
e5 Nd5 22. f4 b5 23. axb5 cxb5 24. Bxd5 exd5 25. Nb6 Ra6 26. Nxc8 Rxc8 27. Rxb5
a4 28. Rdxd5 a3 29. Ra5 Rcc6 30. Rd8+ Kh7 31. Ra8 Rxa8 32. Rxa8 Rc1+ 33. Kg2
Rc2+ 34. Kf3 a2 35. f5 Rxh2 36. e6 fxe6 37. fxe6 Rh1 38. Rxa2 Re1 39. Ra6 Kg6
40. g4 Kf6 41. Kg3 Re3+ 42. Kf2 Rxe6 43. g5+ hxg5 44. Ra2 Kf5 45. Kf3 g4+ 46.
Kg3 Re3+ 47. Kf2 Rf3+ 48. Kg2 Kg5 49. Ra8 Rb3 50. Ra2 Kh4 51. Rc2 Rb8 52. Ra2
Rc8 53. Rb2 Ra8 54. Rc2 Ra4 55. Rb2 g3 56. Rc2 Rf4 57. Rc7 Rf2+ 58. Kg1 g6 59.
Rc6 g5 60. Rh6+ Kg4 61. Rh8 Re2 62. Ra8 Re4 63. Kg2 Rf4 64. Kg1 Rf2 65. Ra7 Re2
66. Ra8 g2 67. Ra3 Kf4 68. Rb3 Re3 69. Rxe3 Kxe3 70. Kxg2 Kf4 71. Kf2 g4 72. Kg2
g3 73. Kg1 Kg4 74. Kg2 Kh4 75. Kg1 Kh3 76. Kh1 g2+ 77. Kg1 Kg3 1/2-1/2

[Event "Magnus Carlsen Inv Prelim"]
[Site "chess24.com INT"]
[Date "2021.03.15"]
[Round "14.8"]
[White "Van Foreest, Jorden"]
[Black "Vachier-Lagrave, Maxime"]
[Result "1/2-1/2"]
[WhiteTitle "GM"]
[BlackTitle "GM"]
[WhiteElo "2701"]
[BlackElo "2758"]
[WhiteFideId "1039784"]
[BlackFideId "623539"]
[EventDate "2021.03.13"]

1. e4 c6 2. d4 d5 3. e5 c5 4. Nf3 Nc6 5. dxc5 Bg4 6. c3 e6 7. Be3 Nge7 8. Bb5
Nf5 9. Qa4 Bxf3 10. Bxc6+ bxc6 11. Qxc6+ Ke7 12. Qb7+ Ke8 13. Qc6+ Ke7 14. Bg5+
f6 15. exf6+ gxf6 16. Qb7+ Ke8 17. Bxf6 Qxf6 18. Qxa8+ Kf7 19. gxf3 Qe5+ 20. Kd1
Bxc5 21. Qb7+ Ne7 22. Qb5 Bxf2 23. Qe2 Be3 24. Na3 Nf5 25. Nc2 d4 26. cxd4 Rd8
27. Ke1 Nxd4 28. Nxd4 Qxd4 29. Kf1 Rd5 30. Re1 Re5 31. h4 Qf4 32. Kg2 Qf5 33.
Qc4 h5 34. Qc7+ Kf6 35. Qd8+ Kf7 36. Qc7+ Kf6 37. Rd1 Qg6+ 38. Kf1 Bb6 39. Qd6
Qg7 40. Qd2 Qg3 41. Qh6+ Ke7 42. Qh7+ Kf6 43. Qh8+ Ke7 44. Qh7+ Kf6 45. Qh8+ Ke7
46. Qh7+ 1/2-1/2

[Event "Magnus Carlsen Inv Prelim"]
[Site "chess24.com INT"]
[Date "2021.03.15"]
[Round "15.1"]
[White "Vachier-Lagrave, Maxime"]
[Black "Giri, Anish"]
[Result "1/2-1/2"]
[WhiteTitle "GM"]
[BlackTitle "GM"]
[WhiteElo "2758"]
[BlackElo "2776"]
[WhiteFideId "623539"]
[BlackFideId "24116068"]
[EventDate "2021.03.13"]

1. e4 c5 2. Nf3 d6 3. d4 cxd4 4. Nxd4 Nf6 5. Nc3 a6 6. Be3 e5 7. Nf3 Be7 8. Bc4
O-O 9. O-O Nc6 10. Re1 Be6 11. Bb3 Na5 12. Bg5 Nxb3 13. axb3 Ng4 14. Bxe7 Qxe7
15. Nd5 Bxd5 16. Qxd5 Nf6 17. Qd3 b5 18. b4 Rfd8 19. c3 g6 20. Qe3 Kg7 21. h3
Qc7 22. Ra5 Qb7 23. Nh2 d5 24. exd5 Rxd5 25. Ng4 Nxg4 26. hxg4 Rad8 27. Raa1
R8d6 28. Re2 Qd7 29. Qe4 Rd1+ 30. Rxd1 Rxd1+ 31. Kh2 Qd5 32. Qxe5+ Qxe5+ 33.
Rxe5 Rd2 34. f3 Rxb2 35. Rc5 h6 36. Rc6 Ra2 37. c4 bxc4 38. Rxc4 a5 39. bxa5
Rxa5 40. Re4 g5 41. Re2 Rb5 42. Re4 Ra5 43. Re2 Rb5 44. Re4 Ra5 1/2-1/2

[Event "Magnus Carlsen Inv Prelim"]
[Site "chess24.com INT"]
[Date "2021.03.15"]
[Round "15.5"]
[White "Grandelius, Nils"]
[Black "Aronian, Levon"]
[Result "1/2-1/2"]
[WhiteTitle "GM"]
[BlackTitle "GM"]
[WhiteElo "2670"]
[BlackElo "2781"]
[WhiteFideId "1710400"]
[BlackFideId "13300474"]
[EventDate "2021.03.13"]

1. e4 e5 2. Nf3 Nc6 3. Bb5 a6 4. Ba4 Nf6 5. O-O Bc5 6. c3 b5 7. Bb3 d6 8. a4 Bb7
9. d3 h6 10. Nh4 Rb8 11. axb5 axb5 12. Nf5 O-O 13. Qf3 Bc8 14. Nd2 Bxf5 15. Qxf5
Ne7 16. Qh3 b4 17. Bc4 bxc3 18. bxc3 c6 19. Nf3 d5 20. Ba2 Bd6 21. Bb1 Ng6 22.
Qf5 Ne7 23. Qh3 Ng6 24. Qf5 Ne7 25. Qh3 1/2-1/2

[Event "Magnus Carlsen Inv Prelim"]
[Site "chess24.com INT"]
[Date "2021.03.15"]
[Round "15.7"]
[White "Nepomniachtchi, Ian"]
[Black "Pichot, Alan"]
[Result "1-0"]
[WhiteTitle "GM"]
[BlackTitle "GM"]
[WhiteElo "2789"]
[BlackElo "2630"]
[WhiteFideId "4168119"]
[BlackFideId "110973"]
[EventDate "2021.03.13"]

1. e4 c5 2. Nf3 e6 3. d4 cxd4 4. Nxd4 Nc6 5. Nc3 Qc7 6. Be3 a6 7. Qf3 Ne5 8. Qg3
b5 9. O-O-O Nf6 10. f4 Neg4 11. Bd2 b4 12. Na4 h5 13. Bd3 d5 14. e5 Ne4 15. Bxe4
dxe4 16. h3 Nh6 17. Qb3 Bd7 18. Bxb4 Rb8 19. Bxf8 Rxb3 20. Bd6 Qa5 21. axb3 Bxa4
22. bxa4 Qxa4 23. Ba3 Kd7 24. Rhe1 Kc8 25. Rxe4 Rd8 26. Rd3 Nf5 27. Nxe6 1-0

[Event "Magnus Carlsen Inv Prelim"]
[Site "chess24.com INT"]
[Date "2021.03.15"]
[Round "15.8"]
[White "Karjakin, Sergey"]
[Black "Radjabov, Teimour"]
[Result "1-0"]
[WhiteTitle "GM"]
[BlackTitle "GM"]
[WhiteElo "2757"]
[BlackElo "2765"]
[WhiteFideId "14109603"]
[BlackFideId "13400924"]
[EventDate "2021.03.13"]

1. e4 c5 2. Nf3 Nc6 3. Nc3 e5 4. Bc4 Be7 5. d3 d6 6. O-O h6 7. Nd5 Nf6 8. a3 O-O
9. c3 Nd7 10. b4 Nb6 11. Nxb6 axb6 12. Be3 Bf6 13. Qb3 Bd7 14. h3 Ne7 15. a4 Qc7
16. Rfb1 Ra7 17. Nd2 Ng6 18. Kh2 Nf4 19. Ra2 g5 20. Nf1 d5 21. exd5 e4 22. bxc5
bxc5 23. Qb6 Qxb6 24. Rxb6 Bd8 25. Rxh6 Kg7 26. Bxc5 Re8 27. Rd6 b6 28. Bd4+ Kh7
29. Rxd7 Rxd7 30. Bb5 1-0